01465nam a22001217a 4500008004100000100003700041245015300078260004300231300003700274520084100311650014801152773004301300230307b ||||| |||| 00| 0 eng d aBanerjee, Breeta and Kundu, Amit aRevisiting the relationship between social capital and income of informal workers: An empirical analysis from Hooghly district of West Bengal, India aThe Indian Journal of Labour Economics a65(3), Jul-Sep, 2022: p. 747-778 aSocial capital is often argued an important non-monetized capital for poor people which can be instrumental for poverty eradication and overall economic development. This paper investigates these claims for informal workers. Based on data from a primary survey in Hooghly district of West Bengal, India, an individual level composite social capital index is calculated considering the structural-relational-cognitive dimensions of social capital. Then OLS method has been used to test the impact of social capital on income with respect to the socioeconomic condition of responders. The findings suggest that the role of social capital to improve income is limited by the poor socioeconomic condition and therefore the optimistic view about the role of social capital in poverty eradication should be treated cautiously. – Reproduced  aSocial capital, Structural social capital, Relational social capital, Cognitive social capital, Social capital index, Income Informal workers.  aThe Indian Journal of Labour Economics